| 000 | nam a22 a 4500 | ||
|---|---|---|---|
| 999 |
_c136073 _d136073 |
||
| 003 | BLK | ||
| 005 | 20201013131619.0 | ||
| 008 | 201013b bul|||||r ||||||| ||bul|| | ||
| 040 | _aBLK | ||
| 041 |
_aBUL _cBUL |
||
| 072 | 7 |
_2bullib _aЦ _xРедки и ценни |
|
| 080 |
_aСемейна етика. Вж и 176 ; 343.3/.7 ; 347.6 ; 392 _b173 _z173 |
||
| 080 |
_aСексуална етика. Етика на половите отношения. Вж и 173 ; 343.3/.7 ; 392 _b176 _z176 |
||
| 100 | 1 |
_aГородцов, Павел Митрофанович _eпърви автор _955222 |
|
| 139 |
_aГородцов, Павел Митрофанович _bГ 69 |
||
| 245 | 1 | 0 |
_aБракът и съвременний отпадък на семейния живот _bПо повод на Крайцеровата соната _cПавел Митрофанович Городцов; прев. от рус. Г. П. Василев; прев. от рус. Ив. Дуйков. |
| 257 | _aRUS | ||
| 260 |
_bИзд. прев. _c1895 _fПловдив : друж. печ. Съгласие _aПловдив |
||
| 300 |
_a85 с. _c21 см |
||
| 380 | _a1 | ||
| 490 |
_9435080 _aКолекция Редки и ценни издания |
||
| 650 | 4 |
_aСемейна етика _9170782 |
|
| 650 | 4 |
_aСемейни отношения - етични проблеми _9245197 |
|
| 650 | 4 |
_aСексуалност - етични проблеми _9245196 |
|
| 650 | 4 |
_aСексуалност - религиозноетични проблеми _9256452 |
|
| 653 | _aетика | ||
| 653 | _aсемейни отношения | ||
| 653 | _aсексуално възпитание | ||
| 659 | _aЦ | ||
| 700 | 1 |
_aВасилев, Г. П. _eпрев. от рус. _9325152 |
|
| 700 | 1 |
_aДуйков, Ив. _eпрев. от рус. _965661 |
|
| 852 |
_aРб 895 _bРц |
||
| 856 | 4 | _qpdf | |
| 856 | 4 | _qpdf | |
| 942 |
_cKNG _n0 _s1 |
||
| 944 |
_aCR _c15.04.2013 _l15.04.2013 - от С1,Р / 15.04.2013 _kНаталия_Медовщикова |
||
| 944 |
_aED _c15.04.2013 _l15.04.2013 - от С1,Р / 15.04.2013 |
||
| 999 | _d136073 | ||